Maturujem z účtovníctva

Salvato in:
Dettagli Bibliografici
Autore principale: Šlosár, Rudolf
Altri autori: Šlosárová, Anna
Natura: Libro
Lingua:slovacco
Pubblicazione: Bratislava Slovenské pedagogické nakladateľstvo 2005
Soggetti:
Tags: Aggiungi Tag
Nessun Tag, puoi essere il primo ad aggiungerne!!

MARC

LEADER 00000nam$a2200000$$$4500
001 0036054
005 20240502071450.0
020 |a 80-10-00652-1 
041 0 |a slo 
044 |a SK 
245 1 0 |a Maturujem z účtovníctva  |c Rudolf Šlosár, Anna Šlosárová 
264 1 |a Bratislava  |b Slovenské pedagogické nakladateľstvo  |c 2005 
300 |a 185 s. 
610 2 0 |a účtovníctvo 
610 2 0 |a účtovníctvo jednoduché 
610 2 0 |a účtovníctvo podvojné 
610 2 0 |a vzťahy zúčtovacie 
610 2 0 |a účtovanie 
100 1 |a Šlosár, Rudolf 
700 1 |a Šlosárová, Anna